000
00311nam a2200109Ia 4500
008
171211s9999 xx 000 0 und d
245
4
_a
The Encyclopedia of Orson Welles
245
_c
Chuck Berg
260
_c
2003
650
_x
Encyclopedia and Dictionary
856
_u
http://down.ebook777.com/057/0816043906.pdf
999
_c
350165
_d
350165